| 000 | 00397nam a22001697a 4500 | ||
|---|---|---|---|
| 005 | 20160618130506.0 | ||
| 008 | 160618b xxu||||| |||| 00| 0 eng d | ||
| 020 | _a0-19-860675-3 | ||
| 041 | _aeng | ||
| 082 | _b8154 | ||
| 100 |
_aDanner, Jane _92222 |
||
| 245 | _aWriting Bids and Funding Applications | ||
| 260 |
_bOxford _c2004 |
||
| 300 | _a127 | ||
| 650 |
_aManagement _9241 |
||
| 942 | _cBK | ||
| 999 |
_c3108 _d3107 |
||